LIBRARY & INFORMATION CENTRE, KCAET, TAVANUR

ONLINE PUBLIC ACCESS CATALOGUE (OPAC)

Optics and spectroscopy / (Record no. 13352)

MARC details
000 -LEADER
fixed length control field 00477cam a2200193ua 4500
041 ## - LANGUAGE CODE
Language code of text/sound track or separate title eng
082 ## - DEWEY DECIMAL CLASSIFICATION NUMBER
Classification number 535
Item number MUR/OP
100 ## - MAIN ENTRY--AUTHOR NAME
Personal name Murugeshan, R .
245 ## - TITLE STATEMENT
Title Optics and spectroscopy /
250 ## - EDITION STATEMENT
Edition statement 6 /
260 ## - PUBLICATION, DISTRIBUTION, ETC. (IMPRINT)
Place of publication New Delhi :
Name of publisher S.Chand and Co ,
Year of publication 2006.
300 ## - PHYSICAL DESCRIPTION
Number of Pages 426 ; .
700 1# - ADDED ENTRY--PERSONAL NAME
Personal name Suvaprasath, Kiruthiga .
942 ## - ADDED ENTRY ELEMENTS (KOHA)
Koha item type Books
Holdings
Withdrawn status Lost status Damaged status Home library Current library Date acquired Full call number Accession Number Koha item type
      KAUAET KAUAET 07/04/2012 535 MUR/OP 21921 Books
free website counter